|
|
|
|
| LEADER |
00000nam0a2200000 4500 |
| 001 |
298918 |
| 005 |
20231102001143.0 |
| 020 |
|
|
|a RU
|b 82-63542
|
| 035 |
|
|
|a (RuTPU)RU\TPU\book\324069
|
| 090 |
|
|
|a 298918
|
| 100 |
|
|
|a 20150623d1982 km y0rusy5003 ca
|
| 101 |
0 |
|
|a rus
|
| 102 |
|
|
|a RU
|
| 105 |
|
|
|a a z 001zy
|
| 200 |
1 |
|
|a Фотография и современность
|e проблемы теории
|f Г. К. Пондопуло
|
| 210 |
|
|
|a Москва
|c Искусство
|d 1982
|
| 215 |
|
|
|a 174 с.
|c ил.
|
| 320 |
|
|
|a Библиогр.: с. 166-173
|
| 606 |
1 |
|
|a Фотография художественная
|2 stltpush
|3 (RuTPU)RU\TPU\subj\64227
|9 81138
|
| 610 |
1 |
|
|a фото
|
| 610 |
1 |
|
|a теория
|
| 610 |
1 |
|
|a традиции
|
| 610 |
1 |
|
|a модернизм
|
| 610 |
1 |
|
|a видение
|
| 610 |
1 |
|
|a образное мышление
|
| 610 |
1 |
|
|a язык
|
| 610 |
1 |
|
|a фоторепортажи
|
| 610 |
1 |
|
|a идеологическая борьба
|
| 610 |
1 |
|
|a 20 век
|
| 675 |
|
|
|a 77.04
|z rus
|v 3
|
| 700 |
|
1 |
|a Пондопуло
|b Г. К.
|g Глеб Константинович
|4 070
|
| 801 |
|
0 |
|a RU
|b RuMRKP
|c 19950704
|g psbo
|
| 801 |
|
1 |
|a RU
|b 63413507
|c 20150623
|
| 801 |
|
2 |
|a RU
|b 63413507
|c 20180613
|g RCR
|
| 942 |
|
|
|c BK
|